000 00246nam a2200109Ia 4500
999 _c8042
_d8042
020 _a9780929306377
100 _aHorowitz
245 0 _aFundamentals Of Data Structures In C++
260 _aUSA
_bMicrosoft Press
_c2011
300 _a1164
942 _cBK